|
|
|
|
| LEADER |
01988nam a2200409 a 4500 |
| 001 |
EBC1092695 |
| 003 |
MiAaPQ |
| 005 |
20200520144314.0 |
| 006 |
m o d | |
| 007 |
cr cn||||||||| |
| 008 |
120323s2013 enka sb 001 0 eng d |
| 010 |
|
|
|z 2012011989
|
| 020 |
|
|
|z 9780415566940 (hb)
|
| 020 |
|
|
|a 9780203094952 (electronic bk.)
|
| 035 |
|
|
|a (MiAaPQ)EBC1092695
|
| 035 |
|
|
|a (Au-PeEL)EBL1092695
|
| 035 |
|
|
|a (CaPaEBR)ebr10632335
|
| 035 |
|
|
|a (CaONFJC)MIL417383
|
| 035 |
|
|
|a (OCoLC)823386973
|
| 040 |
|
|
|a MiAaPQ
|c MiAaPQ
|d MiAaPQ
|
| 043 |
|
|
|a e-ie---
|
| 050 |
|
4 |
|a HC260.5
|b .B54 2013
|
| 082 |
0 |
4 |
|a 330.9417
|2 23
|
| 100 |
1 |
|
|a Bielenberg, Andy,
|d 1959-
|
| 245 |
1 |
3 |
|a An economic history of Ireland since independence
|h [electronic resource] /
|c Andy Bielenberg and Raymond Ryan.
|
| 260 |
|
|
|a London ;
|a New York :
|b Routledge,
|c 2013.
|
| 300 |
|
|
|a xxii, 282 p. :
|b ill.
|
| 504 |
|
|
|a Includes bibliographical references and index.
|
| 505 |
0 |
|
|a From dependent free state to EEC member-state; economic policies 1922-1973 -- A new frontier; the EEC/EU and economic governance: 1973-2011 -- Nature's bounty; agriculture and natural resources -- Late industrialization; from import substitution to foreign direct investment -- From good haircuts to bad bankers; the services sector in the economy -- International trade and economic development -- Investment, credit and economic development -- A European outlier? Demography and the labour force -- Conclusion.
|
| 533 |
|
|
|a Electronic reproduction. Ann Arbor, MI : ProQuest, 2015. Available via World Wide Web. Access may be limited to ProQuest affiliated libraries.
|
| 651 |
|
0 |
|a Ireland
|x Economic conditions
|y 1918-1949.
|
| 651 |
|
0 |
|a Ireland
|x Economic conditions
|y 1949-
|
| 651 |
|
0 |
|a Ireland
|x Economic policy.
|
| 655 |
|
4 |
|a Electronic books.
|
| 700 |
1 |
|
|a Ryan, Raymond.
|
| 710 |
2 |
|
|a ProQuest (Firm)
|
| 856 |
4 |
0 |
|u https://ebookcentral.proquest.com/lib/matrademy/detail.action?docID=1092695
|z Click to View
|